书目信息 |
| 题名: |
工程管理专业英语
|
|
| 作者: | 徐勇戈 , 马继伟 , 焦英博 编 | |
| 分册: | ||
| 出版信息: | 北京 中国建筑工业出版社 2006.07 |
|
| 页数: | 226页 | |
| 开本: | 26cm | |
| 丛书名: | ||
| 单 册: | ||
| 中图分类: | H31 | |
| 科图分类: | ||
| 主题词: | 建筑工程--jian zhu gong cheng--施工管理--英语--高等学校--教材 | |
| 电子资源: | ||
| ISBN: | 7-112-08060-6 | |
| 000 | 01157nam0 2200277 450 | |
| 001 | 012007267734 | |
| 005 | 20121009103203.09 | |
| 010 | @a7-112-08060-6@dCNY21.00 | |
| 100 | @a20071228d2006 km y0chiy0120 ea | |
| 101 | 0 | @achi@aeng |
| 102 | @aCN@b110000 | |
| 105 | @ak z 000yy | |
| 200 | 1 | @a工程管理专业英语@Agong cheng guan li zhuan ye ying yu@f徐勇戈 ... [等] 编@Fxu yong ge...[deng]bian |
| 210 | @a北京@c中国建筑工业出版社@d2006.07 | |
| 215 | @a226页@d26cm | |
| 300 | @a高等学校工程管理专业规划教材 | |
| 304 | @a题名页题 : 徐勇戈, 马继伟, 焦英博, 贾广社编 | |
| 330 | @a本书素材取自国外最近几年工程管理各个领域的经典教材、专著、论文和计算机网络信息,内容涉及工程管理各领域当前的状况和最新进展。本书主要内容包括:业主视角,项目管理组织,设计与施工过程,劳动力、材料与设备的利用,成本估算,投资项目的经济评价等。 | |
| 410 | 0 | @12001 @a高等学校工程管理专业规划教材 |
| 606 | 0 | @a建筑工程@Ajian zhu gong cheng@x施工管理@x英语@x高等学校@j教材 |
| 690 | @aH31@v4 | |
| 701 | 0 | @a徐勇戈@Axu yong ge@4编 |
| 701 | 0 | @a马继伟@Ama ji wei@4编 |
| 701 | 0 | @a焦英博@Ajiao ying bo@4编 |
| 801 | 0 | @aCN@bQSSK@c20110331 |
| 905 | @b274042-44@dH31@eX831@f3 | |
| 工程管理专业英语/徐勇戈 ... [等] 编.-北京:中国建筑工业出版社,2006.07 |
| 226页;26cm |
| 高等学校工程管理专业规划教材 |
| ISBN 7-112-08060-6:CNY21.00 |
| 本书素材取自国外最近几年工程管理各个领域的经典教材、专著、论文和计算机网络信息,内容涉及工程管理各领域当前的状况和最新进展。本书主要内容包括:业主视角,项目管理组织,设计与施工过程,劳动力、材料与设备的利用,成本估算,投资项目的经济评价等。 |
| ● |
| 相关链接 |
|
|
|
正题名:工程管理专业英语
索取号:H31/X831
 
预约/预借
| 序号 | 登录号 | 条形码 | 馆藏地/架位号 | 状态 | 备注 |
| 1 | 274042 | 202740427 | 管理学院资料室/209语言库 82排1列2层/ [索取号:H31/X831] | 在馆 | |
| 2 | 274043 | 202740436 | 语言库209/209语言库 88排4列2层/ [索取号:H31/X831] | 在馆 | |
| 3 | 274044 | 202740445 | 管理学院资料室/209语言库 82排1列2层/ [索取号:H31/X831] | 在馆 | |
| 4 | 464646 | 204646464 | 管理学院资料室/209语言库 82排1列2层/ [索取号:H31/X831] | 在馆 | |
| 5 | 464647 | 204646473 | 管理学院资料室/209语言库 82排1列2层/ [索取号:H31/X831] | 在馆 | |
| 6 | 464648 | 204646482 | 语言库209/209语言库 88排4列2层/ [索取号:H31/X831] | 在馆 | |
| 7 | 464649 | 204646491 | 管理学院资料室/209语言库 82排1列2层/ [索取号:H31/X831] | 在馆 | |
| 8 | 464650 | 204646507 | 语言库209/209语言库 83排1列5层/ [索取号:H31/X831] | 在馆 | |
| 9 | 464671 | 204646712 | 语言库209/209语言库 88排4列2层/ [索取号:H31/X831] | 在馆 | |
| 10 | 464672 | 204646721 | 语言库209/209语言库 88排4列2层/ [索取号:H31/X831] | 在馆 | |
| 11 | 464673 | 204646730 | 管理学院资料室/209语言库 82排1列2层/ [索取号:H31/X831] | 在馆 | |
| 12 | 464674 | 204646749 | 管理学院资料室/209语言库 82排1列2层/ [索取号:H31/X831] | 在馆 | |
| 13 | 464675 | 204646758 | 管理学院资料室/209语言库 82排1列2层/ [索取号:H31/X831] | 在馆 | |
| 14 | 474323 | 204743233 | 管理学院资料室/209语言库 82排1列2层/ [索取号:H31/X831] | 在馆 | |
| 15 | 474324 | 204743242 | 语言库209/209语言库 88排4列2层/ [索取号:H31/X831] | 在馆 | |
| 16 | 474325 | 204743251 | 语言库209/209语言库 88排4列2层/ [索取号:H31/X831] | 在馆 | |
| 17 | 474326 | 204743260 | 管理学院资料室/209语言库 82排1列2层/ [索取号:H31/X831] | 在馆 | |
| 18 | 474327 | 204743279 | 语言库209/209语言库 88排4列2层/ [索取号:H31/X831] | 在馆 | |
| 19 | 474328 | 204743288 | 管理学院资料室/209语言库 82排1列2层/ [索取号:H31/X831] | 在馆 | |
| 20 | 474329 | 204743297 | 管理学院资料室/209语言库 82排1列2层/ [索取号:H31/X831] | 在馆 | |
| 21 | 474330 | 204743304 | 管理学院资料室/209语言库 82排1列2层/ [索取号:H31/X831] | 在馆 | |
| 22 | 474331 | 204743313 | 语言库209/209语言库 88排4列2层/ [索取号:H31/X831] | 在馆 | |
| 23 | 474332 | 204743322 | 语言库209/209语言库 88排4列2层/ [索取号:H31/X831] | 在馆 | |
| 24 | 487781 | 204877810 | 自科二线504/504自科库 23排2列3层/ [索取号:H31/X831] | 在馆 | |
| 25 | 487782 | 204877829 | 自科二线504/504自科库 23排2列3层/ [索取号:H31/X831] | 在馆 | |
| 26 | 489282 | 204892820 | 自科二线504/504自科库 23排2列1层/ [索取号:H31/X831] | 在馆 | |
| 27 | 489283 | 204892839 | 自科二线504/504自科库 23排2列1层/ [索取号:H31/X831] | 在馆 | |
| 28 | 489284 | 204892848 | 自科二线504/504自科库 23排2列1层/ [索取号:H31/X831] | 在馆 | |
| 29 | 489285 | 204892857 | 自科二线504/504自科库 23排2列1层/ [索取号:H31/X831] | 在馆 | |
| 30 | 489286 | 204892866 | 自科二线504/504自科库 23排2列1层/ [索取号:H31/X831] | 在馆 | |
| 31 | 489293 | 204892937 | 自科二线504/504自科库 23排2列1层/ [索取号:H31/X831] | 在馆 | |
| 32 | 489294 | 204892946 | 自科二线504/504自科库 23排2列1层/ [索取号:H31/X831] | 在馆 |